[Event "Junior Online 4NCL Division 2"]
[Site "online"]
[Date "2020.04.30"]
[Round "3.65"]
[White "Moran, Hugh"]
[Black "Moore, Eoin"]
[Result "1-0"]
[WhiteElo "1673"]
[BlackElo "1735"]
[PlyCount "133"]
[EventDate "2020.04.30"]
[WhiteTeam "Gonzaga College SJ B"]
[BlackTeam "KJCA Young Kestrels B"]

1. e4 e6 2. d4 d5 3. exd5 exd5 4. Nc3 c6 5. Bd3 Bd6 6. Nge2 Nf6 7. Bg5 O-O 8.
Qd2 Bg4 9. f3 Bh5 10. O-O-O b5 11. g4 Bg6 12. h4 b4 13. Na4 Qa5 14. b3 Nbd7 15.
h5 Bxd3 16. Qxd3 h6 17. Bxf6 Nxf6 18. g5 hxg5 19. Qf5 Qc7 20. h6 Bf4+ 21. Kb1
Qd7 22. Qxd7 Nxd7 23. Nxf4 gxf4 24. hxg7 Kxg7 25. Rdg1+ Kf6 26. Rh6+ Ke7 27.
Rxc6 Rg8 28. Re1+ Kd8 29. Nc5 Nxc5 30. Rxc5 Rg3 31. Rxd5+ Kc7 32. Re7+ Kc6 33.
Rc5+ Kd6 34. Rxf7 Rxf3 35. Rcf5 Re8 36. Rxf4 Rc3 37. R7f6+ Kd5 38. R6f5+ Kd6
39. Rf3 Rxf3 40. Rxf3 Kd5 41. Rf7 Kxd4 42. Rxa7 Kc3 43. Rc7+ Kd2 44. Kb2 Ra8
45. Rc4 Rb8 46. a4 bxa3+ 47. Kxa3 Kc1 48. b4 Ra8+ 49. Kb3 Rb8 50. Rc5 Kd2 51.
b5 Ke3 52. c4 Kd4 53. Kb4 Rb7 54. Rd5+ Ke4 55. Rd8 Ke5 56. c5 Ke6 57. c6 Rc7
58. Kc5 Ke7 59. Rd4 Ra7 60. b6 Ra5+ 61. Kb4 Ra1 62. Kc5 Ra5+ 63. Kb4 Ra1 64. b7
Rb1+ 65. Kc5 Rc1+ 66. Rc4 Rb1 67. Rb4 1-0

[Event "Junior Online 4NCL Division 2"]
[Site "online"]
[Date "2020.04.30"]
[Round "3.66"]
[White "Dorman, Orla"]
[Black "O'laoide, Liam"]
[Result "0-1"]
[WhiteElo "1660"]
[BlackElo "1585"]
[PlyCount "114"]
[EventDate "2020.04.30"]
[WhiteTeam "KJCA Young Kestrels B"]
[BlackTeam "Gonzaga College SJ B"]

1. e4 c6 2. Nf3 d5 3. Nc3 dxe4 4. Nxe4 Bg4 5. h3 Bh5 6. Ng3 Bg6 7. Ne5 Nd7 8.
Nxg6 hxg6 9. Bc4 Ngf6 10. d3 e6 11. Bf4 Bc5 12. Qf3 Qb6 13. Bb3 a5 14. Rb1 a4
15. Bc4 a3 16. b3 Bb4+ 17. Ke2 Nd5 18. Bxd5 cxd5 19. Rhd1 Rc8 20. c4 Nf6 21.
Kf1 O-O 22. Be5 Nd7 23. Ba1 d4 24. Ne4 Rcd8 25. Ng3 e5 26. Qe2 Qe6 27. Ne4 Nf6
28. Ng5 Qe7 29. Nf3 Rfe8 30. Ne1 Nd7 31. Nc2 Bd6 32. b4 b6 33. Qf3 Ra8 34. Re1
Qf8 35. Qc6 Red8 36. Re2 Rac8 37. Qf3 Nf6 38. Nxa3 Bxb4 39. Nc2 Bd6 40. Rxb6
Rb8 41. Rxb8 Rxb8 42. Re1 Ra8 43. a3 Nd7 44. Rb1 Bxa3 45. Nxa3 Rxa3 46. Qd1 Nc5
47. Rb5 Rxd3 48. Qb1 e4 49. Ke2 Kh7 50. Rb8 Qd6 51. Rb6 Qf4 52. Rb2 Na4 53. Rc2
Nc5 54. g3 Qf3+ 55. Kf1 Rd1+ 56. Qxd1 Qxd1+ 57. Kg2 Qxc2 0-1

[Event "Junior Online 4NCL Division 2"]
[Site "online"]
[Date "2020.04.30"]
[Round "3.67"]
[White "Tempany, Max"]
[Black "Ratnesan, Radha"]
[Result "1-0"]
[WhiteElo "1551"]
[BlackElo "1697"]
[PlyCount "91"]
[EventDate "2020.04.30"]
[WhiteTeam "Gonzaga College SJ B"]
[BlackTeam "KJCA Young Kestrels B"]

1. e4 e6 2. d4 d5 3. Nc3 Bb4 4. e5 c5 5. a3 Bxc3+ 6. bxc3 Ne7 7. Qg4 Qc7 8.
Qxg7 Rg8 9. Qxh7 cxd4 10. Qd3 dxc3 11. Nf3 Ng6 12. Qe2 Nd7 13. h4 Ndxe5 14. h5
Nxf3+ 15. Qxf3 Ne7 16. h6 Qe5+ 17. Kd1 Bd7 18. h7 Rh8 19. Bd3 O-O-O 20. Qxf7
Nc6 21. Bh6 Be8 22. Qg7 Bd7 23. Qxe5 Nxe5 24. Bg7 Nxd3 25. cxd3 Bb5 26. Bxc3
Bxd3 27. Rc1 Kb8 28. Be5+ Ka8 29. Rc7 Bg6 30. Rg7 Bf5 31. g4 Be4 32. Rh6 Bf3+
33. Kd2 Be4 34. Rf7 Rxh7 35. Rhxh7 Bxh7 36. Rxh7 Rg8 37. Rg7 Rf8 38. f4 a6 39.
g5 Ka7 40. Re7 Kb6 41. Rxe6+ Kc5 42. g6 Rg8 43. g7 a5 44. f5 b5 45. f6 d4 46.
f7 1-0

[Event "Junior Online 4NCL Division 2"]
[Site "online"]
[Date "2020.04.30"]
[Round "3.68"]
[White "Chaban, Roxolana"]
[Black "Hunter, Sean"]
[Result "0-1"]
[WhiteElo "1690"]
[BlackElo "1582"]
[PlyCount "56"]
[EventDate "2020.04.30"]
[WhiteTeam "KJCA Young Kestrels B"]
[BlackTeam "Gonzaga College SJ B"]

1. e4 e5 2. Nf3 Nc6 3. Bc4 Bc5 4. c3 Nf6 5. d4 exd4 6. e5 d5 7. Bb5 Ne4 8. cxd4
Bb4+ 9. Bd2 Bxd2+ 10. Nbxd2 Bd7 11. Bxc6 Bxc6 12. O-O O-O 13. Rc1 Kh8 14. Re1
f5 15. Qc2 Qe8 16. Nb3 a5 17. Nc5 g5 18. Nxe4 dxe4 19. Nxg5 Qg6 20. Nh3 Rg8 21.
Nf4 Qg5 22. g3 Qxf4 23. d5 Bxd5 24. Qxc7 Rac8 25. Qxc8 Qf3 26. Qc3 e3 27. e6+
Rg7 28. Kf1 Qxf2# 0-1

[Event "Junior Online 4NCL Division 2"]
[Site "online"]
[Date "2020.04.30"]
[Round "3.71"]
[White "Petkov, Anton"]
[Black "Hamilton, Melissa"]
[Result "0-1"]
[WhiteElo "1793"]
[BlackElo "1667"]
[PlyCount "56"]
[EventDate "2020.04.30"]
[WhiteTeam "TSK Tigers A"]
[BlackTeam "Marshall Artists"]

1. e4 e5 2. f4 d6 3. Bc4 Nf6 4. Nc3 Nc6 5. Nf3 h6 6. O-O Be7 7. Bb5 Bd7 8. Re1
O-O 9. Bxc6 Bxc6 10. fxe5 dxe5 11. Nxe5 Qd4+ 12. Re3 Qxe5 13. d4 Qh5 14. Qf1
Qg6 15. Rg3 Qh7 16. d5 Bd7 17. e5 Ng4 18. Qe2 Bc5+ 19. Kf1 Nxh2+ 20. Ke1 h5 21.
Ne4 Bg4 22. Rxg4 Bb4+ 23. c3 Bxc3+ 24. bxc3 Nxg4 25. Ng3 Rfe8 26. Bf4 g5 27.
Bxg5 Rxe5 28. Ne4 Rxe4 0-1

[Event "Junior Online 4NCL Division 2"]
[Site "online"]
[Date "2020.04.30"]
[Round "3.72"]
[White "Deacon, Matthew"]
[Black "Wu, Yuxuan"]
[Result "1-0"]
[WhiteElo "1660"]
[BlackElo "1523"]
[PlyCount "155"]
[EventDate "2020.04.30"]
[WhiteTeam "Marshall Artists"]
[BlackTeam "TSK Tigers A"]

1. d4 Nf6 2. c4 g6 3. Nc3 Bg7 4. e4 d6 5. Nf3 O-O 6. Be2 e5 7. d5 c6 8. O-O Ne8
9. Bd2 f5 10. Rc1 Nf6 11. Bd3 cxd5 12. cxd5 f4 13. Nb5 Rf7 14. Bb4 Bf8 15. Ng5
Rg7 16. Qc2 Ng4 17. Nf3 Na6 18. Ba3 b6 19. Qe2 Nc5 20. Bb1 h5 21. b4 Na6 22.
Bd3 Nc7 23. Nxc7 Rxc7 24. Rxc7 Qxc7 25. Rc1 Qh7 26. Qc2 Bd7 27. b5 h4 28. h3
Nf6 29. Be2 Rc8 30. Qd3 Rxc1+ 31. Bxc1 Bh6 32. a4 g5 33. Nh2 Qxe4 34. Qxe4 Nxe4
35. Bb2 Nc5 36. Bd1 Bg7 37. Nf3 Bf6 38. Bc2 Kf7 39. Nd2 a6 40. Nc4 axb5 41.
Nxd6+ Ke7 42. Nxb5 Bxb5 43. axb5 Kd6 44. Kf1 Kxd5 45. Ke2 e4 46. Bxf6 Kc4 47.
Be7 Kxb5 48. Bxc5 Kxc5 49. Bxe4 Kd4 50. Bc6 Kc5 51. Be8 b5 52. Bxb5 Kxb5 53.
Kf3 Kc5 54. Kg4 Kd4 55. Kxg5 Ke4 56. Kxh4 Kf5 57. Kh5 Ke5 58. Kg4 Kf6 59. Kxf4
Kg6 60. Kg4 Kh6 61. f4 Kg6 62. f5+ Kf6 63. h4 Kg7 64. h5 Kh7 65. Kg5 Kg7 66. g4
Kf7 67. h6 Kg8 68. Kg6 Kh8 69. f6 Kg8 70. f7+ Kf8 71. h7 Ke7 72. h8=Q Ke6 73.
f8=Q Kd7 74. Qhg7+ Ke6 75. Qfe7+ Kd5 76. Qge5+ Kc4 77. Q7c5+ Kd3 78. Qcc3# 1-0

[Event "Junior Online 4NCL Division 2"]
[Site "online"]
[Date "2020.04.30"]
[Round "3.74"]
[White "Blin, Sophia"]
[Black "Bagga, Khushi"]
[Result "0-1"]
[WhiteElo "1292"]
[BlackElo "1059"]
[PlyCount "120"]
[EventDate "2020.04.30"]
[WhiteTeam "Marshall Artists"]
[BlackTeam "TSK Tigers A"]

1. e4 e5 2. Nf3 Nc6 3. d4 d6 4. dxe5 dxe5 5. Qxd8+ Nxd8 6. Nxe5 Nf6 7. Nc3 Bb4
8. Bd2 Bxc3 9. Bxc3 Nxe4 10. Bc4 Be6 11. Bxe6 Nxe6 12. O-O O-O 13. Rfe1 Nxc3
14. bxc3 Rfe8 15. Nf3 h6 16. h3 Nc5 17. Rab1 b6 18. Rxe8+ Rxe8 19. Re1 Rd8 20.
Nd4 a5 21. Nb5 Ne6 22. c4 Rd2 23. Rc1 Nf4 24. Kf1 c6 25. Nc3 Rd4 26. Ne2 Nxe2
27. Kxe2 Rxc4 28. Kd3 Ra4 29. Ra1 g5 30. Kc3 Kg7 31. Kb3 Rf4 32. f3 Rd4 33. Kc3
Rd6 34. Rb1 b5 35. Kb3 Rd2 36. c4 a4+ 37. Kc3 Rxa2 38. cxb5 cxb5 39. Rxb5 a3
40. Kb3 Ra1 41. Ra5 Rg1 42. g4 Rg3 43. Rxa3 Rxh3 44. Kc4 h5 45. Kd5 hxg4 46.
Ke4 gxf3 47. Rxf3 Rxf3 48. Kxf3 Kg6 49. Kg4 f5+ 50. Kg3 g4 51. Kf2 Kg5 52. Kg3
f4+ 53. Kg2 g3 54. Kg1 Kg4 55. Kg2 f3+ 56. Kg1 f2+ 57. Kg2 Kf4 58. Kf1 Ke3 59.
Kg2 Ke2 60. Kxg3 f1=Q 0-1

[Event "Junior Online 4NCL Division 2"]
[Site "online"]
[Date "2020.04.30"]
[Round "3.75"]
[White "Hamilton, Melissa"]
[Black "Petkov, Anton"]
[Result "1-0"]
[WhiteElo "1667"]
[BlackElo "1793"]
[PlyCount "121"]
[EventDate "2020.04.30"]
[WhiteTeam "Marshall Artists"]
[BlackTeam "TSK Tigers A"]

1. d4 Nf6 2. c4 e5 3. e3 Nc6 4. Nc3 Bb4 5. Nge2 O-O 6. a3 Bxc3+ 7. Nxc3 a5 8.
Be2 d6 9. O-O Bf5 10. d5 Nb8 11. b3 Nbd7 12. Bb2 Qe7 13. Nb5 Rfc8 14. a4 Nc5
15. Ba3 Nfd7 16. f3 Qg5 17. f4 Qe7 18. Bb2 Nf6 19. fxe5 Bg6 20. exf6 Qxe3+ 21.
Kh1 Ne4 22. Bd4 Qh6 23. Bf2 gxf6 24. Bd3 Qg5 25. Nd4 c5 26. Nf3 Nxf2+ 27. Rxf2
Qe3 28. Rd2 Re8 29. h3 Re7 30. Qe1 Rae8 31. Qxe3 Rxe3 32. Bxg6 fxg6 33. Rb2 g5
34. Raa2 h5 35. Ra1 g4 36. Nh4 gxh3 37. gxh3 Rxh3+ 38. Rh2 Rxh2+ 39. Kxh2 Re2+
40. Kg1 Rb2 41. Ra3 Kf7 42. Nf5 Kg6 43. Nxd6 h4 44. Ra1 Rxb3 45. Kh2 Kg5 46.
Ra2 Kg4 47. Ne4 Rb4 48. Nxc5 Rxc4 49. Nxb7 Rd4 50. d6 f5 51. Nxa5 Rxd6 52. Nc4
Rd4 53. Ne3+ Kf4 54. Ng2+ Kg4 55. a5 h3 56. Ne3+ Kf4 57. Ra3 Re4 58. a6 Kf3 59.
a7 f4 60. a8=Q fxe3 61. Ra4 1-0

[Event "Junior Online 4NCL Division 2"]
[Site "online"]
[Date "2020.04.30"]
[Round "3.76"]
[White "Wu, Yuxuan"]
[Black "Deacon, Matthew"]
[Result "0-1"]
[WhiteElo "1523"]
[BlackElo "1660"]
[PlyCount "112"]
[EventDate "2020.04.30"]
[WhiteTeam "TSK Tigers A"]
[BlackTeam "Marshall Artists"]

1. c4 c5 2. g3 g6 3. Bg2 Bg7 4. Nc3 Nc6 5. Nf3 Nf6 6. d3 O-O 7. Bd2 d5 8. cxd5
Nxd5 9. Nxd5 Qxd5 10. Bc3 Nb4 11. Bxg7 Kxg7 12. a3 Nc6 13. O-O Qd6 14. Qc2 b6
15. Rac1 Bb7 16. Nd2 Qd7 17. b4 Nd4 18. Qd1 Bxg2 19. Kxg2 cxb4 20. axb4 Rfc8
21. e3 Ne6 22. d4 Rxc1 23. Qxc1 Rc8 24. Qb2 Kg8 25. Rc1 Rxc1 26. Qxc1 Qd5+ 27.
f3 Qb5 28. Qc4 Qa4 29. Qb3 Qa6 30. Qc4 Qa3 31. d5 Qb2 32. Qd3 Nc7 33. d6 exd6
34. Qxd6 Na6 35. b5 Nc5 36. Qd8+ Kg7 37. Qd4+ Qxd4 38. exd4 Ne6 39. Nb3 Nc7 40.
f4 Nxb5 41. Kf3 Kf6 42. Ke4 Ke6 43. g4 Nd6+ 44. Ke3 f5 45. h3 Kd5 46. Kd3 a6
47. Nd2 Ne4 48. Nxe4 fxe4+ 49. Ke3 a5 50. f5 gxf5 51. gxf5 a4 52. f6 Ke6 53.
Kxe4 a3 54. d5+ Kxf6 55. d6 Ke6 56. d7 Kxd7 0-1

[Event "Junior Online 4NCL Division 2"]
[Site "online"]
[Date "2020.04.30"]
[Round "3.78"]
[White "Bagga, Khushi"]
[Black "Blin, Sophia"]
[Result "0-1"]
[WhiteElo "1059"]
[BlackElo "1292"]
[PlyCount "82"]
[EventDate "2020.04.30"]
[WhiteTeam "TSK Tigers A"]
[BlackTeam "Marshall Artists"]

1. e4 e5 2. Nf3 Nc6 3. Nc3 Nf6 4. d4 exd4 5. Nxd4 Bb4 6. Nxc6 bxc6 7. Bd3 Bxc3+
8. bxc3 O-O 9. O-O Re8 10. Bg5 h6 11. Bh4 d6 12. h3 d5 13. exd5 cxd5 14. Re1
Rxe1+ 15. Qxe1 Bd7 16. c4 dxc4 17. Bxc4 Bf5 18. Rd1 Qe8 19. Qc3 Ne4 20. Qf3 Qe5
21. Re1 Re8 22. Qb3 Be6 23. Bxe6 Qxe6 24. Qd3 f5 25. f3 g5 26. Bg3 Nxg3 27.
Rxe6 Rxe6 28. Qd8+ Kg7 29. Qd7+ Kf6 30. Qd2 Kg6 31. Qc3 f4 32. Qd3+ Kh5 33. Qc3
Ne2+ 34. Kf1 Nxc3 35. Kf2 Re2+ 36. Kf1 Rxc2 37. a3 Ra2 38. g4+ fxg3 39. Kg1 g2
40. a4 Ne2+ 41. Kh2 g1=Q# 0-1

[Event "Junior Online 4NCL Division 2"]
[Site "online"]
[Date "2020.04.30"]
[Round "3.81"]
[White "Dasgupta, Avyukt"]
[Black "Murawski, Jan"]
[Result "1-0"]
[WhiteElo "1585"]
[BlackElo "1630"]
[PlyCount "189"]
[EventDate "2020.04.30"]
[WhiteTeam "Watford 1"]
[BlackTeam "Ojays C"]

1. e4 c5 2. Nf3 d6 3. d4 cxd4 4. Nxd4 Nf6 5. Nc3 a6 6. Bc4 g6 7. Be3 Bg7 8. f3
b5 9. Bb3 Bb7 10. Nd5 Nxd5 11. exd5 Nd7 12. a3 Qc7 13. Qd2 Nc5 14. Ba2 Nd7 15.
O-O-O Nb6 16. Rhe1 Bxd5 17. Nxb5 axb5 18. Bxd5 Nxd5 19. Qxd5 Rc8 20. Qb3 O-O
21. Re2 Qc4 22. Qxc4 bxc4 23. c3 Rc6 24. Bd4 Bxd4 25. Rxd4 e6 26. Red2 d5 27.
g4 Kg7 28. h4 h6 29. h5 g5 30. f4 f6 31. Re2 Rd6 32. f5 e5 33. Rdd2 Rfd8 34.
Kc2 Kf7 35. Rd1 d4 36. cxd4 exd4 37. Re4 Rd5 38. Rd2 R8d6 39. a4 c3 40. bxc3
Rc5 41. Rdxd4 Rdc6 42. Rd7+ Kf8 43. Rd3 Rc4 44. Rde3 Rc7 45. Kb3 R4c6 46. Re6
Rc4 47. R6e4 R4c6 48. Rb4 Kf7 49. a5 Ra6 50. Ka4 Rca7 51. Rb5 Rc6 52. Kb4 Rac7
53. Rg3 Rc4+ 54. Kb3 R4c6 55. Rb6 Rxb6+ 56. axb6 Rb7 57. Kb4 Rxb6+ 58. Kc5 Rb8
59. Re3 Rc8+ 60. Kd6 Rc4 61. Re7+ Kf8 62. Rh7 Rxc3 63. Rxh6 Kg7 64. Rg6+ Kf7
65. h6 Rg3 66. Rg7+ Kf8 67. Ke6 Rxg4 68. Kxf6 Rh4 69. Kxg5 Rh1 70. Kf6 Rxh6+
71. Rg6 Rh7 72. Kg5 Rg7 73. Kh6 Rf7 74. Rg5 Rf6+ 75. Kh5 Kf7 76. Kg4 Rd6 77.
Rh5 Rd4+ 78. Kg5 Rd5 79. Rh7+ Kg8 80. Ra7 Rd1 81. Kf6 Rd6+ 82. Ke7 Rh6 83. Ra8+
Kg7 84. Rf8 Ra6 85. Rf7+ Kg8 86. Rf8+ Kg7 87. f6+ Kg6 88. Rg8+ Kh7 89. Rg7+ Kh8
90. Kf7 Ra7+ 91. Kf8 Ra8+ 92. Kf7 Ra7+ 93. Kg6 Rxg7+ 94. fxg7+ Kg8 95. Kf6 1-0

[Event "Junior Online 4NCL Division 2"]
[Site "online"]
[Date "2020.04.30"]
[Round "3.82"]
[White "Beneat, Frederick"]
[Black "Nagda, Maanav"]
[Result "1-0"]
[WhiteElo "1592"]
[BlackElo "1600"]
[PlyCount "141"]
[EventDate "2020.04.30"]
[WhiteTeam "Ojays C"]
[BlackTeam "Watford 1"]

1. c4 e6 2. d4 d5 3. Bf4 Nf6 4. e3 Nbd7 5. Nf3 Be7 6. Nc3 c6 7. Bd3 a6 8. O-O
O-O 9. Qc2 Re8 10. Be5 Nf8 11. Rfd1 Qd7 12. c5 Bd8 13. Qe2 Bc7 14. Bxc7 Qxc7
15. Ne5 N8d7 16. Ng4 Qd8 17. Qf3 Nxg4 18. Qxg4 Nf6 19. Qg3 Qe7 20. Ne2 e5 21.
dxe5 Qxe5 22. Qxe5 Rxe5 23. Nf4 Bf5 24. Bxf5 Rxf5 25. Rd4 Re5 26. Re1 Rae8 27.
Rb4 R5e7 28. Ne2 Ne4 29. Nd4 Nxc5 30. Nf5 Re5 31. Nd6 Rb8 32. Rd1 Re6 33. Nf5
Rf6 34. Nd4 h6 35. h3 Ne4 36. Rc1 Rc8 37. Rxb7 Rxf2 38. Rb4 Rf6 39. Nf3 Rg6 40.
Ne5 Re6 41. Nf3 Nf6 42. Rb6 Rxe3 43. Rxa6 Re6 44. Rb6 Nd7 45. Ra6 f6 46. Nd4
Re4 47. Nxc6 Kh8 48. Rd1 Rc4 49. Ne7 Re8 50. Nxd5 Rc2 51. b4 Ree2 52. Nf4 Re7
53. Ng6+ Kh7 54. Nxe7 Ne5 55. Rb1 Ng6 56. Nxg6 Kxg6 57. b5 Rc8 58. b6 Rb8 59.
b7 Kf7 60. Ra8 Rxb7 61. Rxb7+ Kg6 62. Rg8 Kf5 63. a4 g5 64. a5 g4 65. hxg4+ Ke5
66. Re7+ Kd6 67. Re1 Kc6 68. Rd8 Kb5 69. Rc8 Kxa5 70. Rb8 Ka4 71. Ra1# 1-0

[Event "Junior Online 4NCL Division 2"]
[Site "online"]
[Date "2020.04.30"]
[Round "3.83"]
[White "Morrell, Sean"]
[Black "Zeng, Royce"]
[Result "1-0"]
[WhiteElo "1480"]
[BlackElo "1562"]
[PlyCount "111"]
[EventDate "2020.04.30"]
[WhiteTeam "Watford 1"]
[BlackTeam "Ojays C"]

1. d4 d5 2. Bf4 Nc6 3. Nf3 Nf6 4. e3 e6 5. Bd3 g6 6. O-O Bg7 7. Nbd2 O-O 8. c4
Nb4 9. Be2 Bd7 10. Qb3 Nc6 11. Rac1 Na5 12. Qc2 Nc6 13. Ne5 Nxe5 14. Bxe5 dxc4
15. Qxc4 Bc6 16. Bf3 Bxf3 17. Nxf3 c6 18. Qb3 Qd7 19. Bg3 Ne4 20. Rfd1 b5 21.
Ne5 Bxe5 22. Bxe5 f6 23. Bg3 Qe7 24. Rxc6 Rac8 25. Qxb5 Rxc6 26. Qxc6 Ng5 27.
Bd6 Qe8 28. Qxe8 Rxe8 29. Rc1 Ne4 30. Bc5 Rc8 31. b4 Nd6 32. Rb1 Nc4 33. h3 Nd2
34. Rb2 Nc4 35. Rc2 Na3 36. Re2 Nc4 37. Bxa7 Nd6 38. Bc5 Nb5 39. Re1 Na3 40.
Rc1 Nb5 41. a4 Nc7 42. a5 Na6 43. b5 Nb8 44. a6 Nd7 45. Ra1 Ra8 46. b6 Nxc5 47.
dxc5 Kf7 48. b7 Rb8 49. a7 Rxb7 50. a8=Q Re7 51. Ra7 Rxa7 52. Qxa7+ Kg8 53. c6
e5 54. Qd7 e4 55. c7 f5 56. c8=Q# 1-0

[Event "Junior Online 4NCL Division 2"]
[Site "online"]
[Date "2020.04.30"]
[Round "3.84"]
[White "Macabenta, Kei"]
[Black "Demjan, Denisz"]
[Result "0-1"]
[WhiteElo "1532"]
[BlackElo "1345"]
[PlyCount "78"]
[EventDate "2020.04.30"]
[WhiteTeam "Ojays C"]
[BlackTeam "Watford 1"]

1. e4 e5 2. Nf3 Nc6 3. Bc4 h6 4. d4 Nxd4 5. Nxe5 Ne6 6. Qf3 Nf6 7. Nxf7 Kxf7 8.
e5 d5 9. Bxd5 Qxd5 10. exf6 Qxf3 11. gxf3 Kxf6 12. b3 Kf7 13. Bb2 Bd6 14. Nc3
Bd7 15. O-O-O Rhe8 16. Ne4 Bf4+ 17. Kb1 Rad8 18. Rhg1 Bxh2 19. Rg2 Bf4 20. Rdg1
g5 21. Rh1 Kg6 22. Rhg1 Bb5 23. c4 Bc6 24. Rg4 Bxe4+ 25. fxe4 Rd2 26. Rh4 Red8
27. Rhh1 Rxf2 28. Rh3 Rdd2 29. Bc3 Rxa2 30. Rgh1 Rh2 31. R1xh2 Rxh2 32. Rd3 Re2
33. Rd7 Rxe4 34. Re7 Re3 35. Bd2 Rxb3+ 36. Kc2 Rb6 37. Bc3 h5 38. Re8 h4 39.
Rg8+ Kf5 0-1

[Event "Junior Online 4NCL Division 2"]
[Site "online"]
[Date "2020.04.30"]
[Round "3.85"]
[White "Murawski, Jan"]
[Black "Dasgupta, Avyukt"]
[Result "1/2-1/2"]
[WhiteElo "1630"]
[BlackElo "1585"]
[PlyCount "164"]
[EventDate "2020.04.30"]
[WhiteTeam "Ojays C"]
[BlackTeam "Watford 1"]

1. d4 Nf6 2. c4 e5 3. d5 Bc5 4. Nc3 d6 5. Bg5 Bxf2+ 6. Kd2 h6 7. Bxf6 Qxf6 8.
e3 Bh4 9. g3 Bg5 10. h4 Qf2+ 11. Qe2 Bxe3+ 12. Kd1 Qxg3 13. Ne4 Qf4 14. Bg2 Bg4
15. Bf3 Bxf3 16. Qxf3 Qxf3+ 17. Nxf3 Nd7 18. Ke2 Bb6 19. b4 a5 20. c5 dxc5 21.
bxa5 Bxa5 22. d6 O-O-O 23. dxc7 Bxc7 24. Rac1 b6 25. a4 Kb7 26. a5 f5 27. axb6
Kxb6 28. Nc3 Nf6 29. Na4+ Kb7 30. Nxc5+ Kc8 31. Ne6 Rd7 32. Rc2 Re8 33. Nc5 Rd5
34. Na6 Rd7 35. Rhc1 Nd5 36. Rc5 Nf4+ 37. Kf1 Ree7 38. Nxc7 Rxc7 39. Rxc7+ Rxc7
40. Rxc7+ Kxc7 41. Nxe5 Kd6 42. Nf7+ Ke6 43. Nd8+ Ke5 44. Nf7+ Kf6 45. Nd6 Ke6
46. Ne8 Nd5 47. Nxg7+ Kf6 48. Ne8+ Kf7 49. Nd6+ Ke6 50. Ne8 Ke7 51. Ng7 Kf6 52.
Ne8+ Kg6 53. Kg2 Nf4+ 54. Kg3 Ne6 55. Nd6 f4+ 56. Kh3 Nd4 57. Kg4 Ne6 58. Nc4
h5+ 59. Kf3 Kf5 60. Nd6+ Ke5 61. Nf7+ Kd5 62. Ng5 Nxg5+ 63. hxg5 Ke5 64. g6 Kf6
65. Kxf4 Kxg6 66. Kg3 Kg5 67. Kh3 h4 68. Kh2 Kf4 69. Kh3 Kg5 70. Kh2 Kg4 71.
Kg2 h3+ 72. Kh2 Kh4 73. Kg1 Kg4 74. Kh2 Kh4 75. Kh1 Kg3 76. Kg1 Kf3 77. Kh2 Kg4
78. Kh1 Kg3 79. Kg1 Kf4 80. Kh1 Kf3 81. Kh2 Kg4 82. Kh1 Kg3 1/2-1/2

[Event "Junior Online 4NCL Division 2"]
[Site "online"]
[Date "2020.04.30"]
[Round "3.86"]
[White "Nagda, Maanav"]
[Black "Beneat, Frederick"]
[Result "0-1"]
[WhiteElo "1600"]
[BlackElo "1592"]
[PlyCount "134"]
[EventDate "2020.04.30"]
[WhiteTeam "Watford 1"]
[BlackTeam "Ojays C"]

1. d4 e6 2. e4 d5 3. Nc3 g6 4. a3 Bg7 5. Nf3 Ne7 6. e5 O-O 7. Be2 b6 8. O-O Bb7
9. Be3 Nf5 10. Bg5 Qd7 11. Qd2 c5 12. dxc5 bxc5 13. Bd3 Ne7 14. Bb5 Qc7 15.
Rfe1 a6 16. Bf1 Nbc6 17. Bf4 c4 18. Rad1 Nf5 19. h3 Rab8 20. Rb1 a5 21. Rbc1
Ba6 22. Rb1 Qa7 23. Be3 Nxe3 24. Qxe3 Qxe3 25. Rxe3 d4 26. Nxd4 Nxd4 27. Re4
Nf5 28. Bxc4 Bxc4 29. Rxc4 Bxe5 30. Na4 Rfd8 31. Rc5 Bd6 32. Rxa5 Bxa3 33. Nc3
Bb4 34. Raa1 Bxc3 35. bxc3 Rxb1+ 36. Rxb1 Rd2 37. Rc1 Nd6 38. Kf1 Ne4 39. f3
Nxc3 40. g4 Rd1+ 41. Rxd1 Nxd1 42. Ke2 Nb2 43. c3 Kg7 44. Kd2 Kf6 45. Kc2 Na4
46. c4 Ke5 47. Kb3 Nc5+ 48. Kb4 Nb7 49. Kb5 Kd4 50. f4 Nd6+ 51. Kb4 Nxc4 52. f5
exf5 53. gxf5 gxf5 54. h4 Ne3 55. h5 f4 56. h6 Ng4 57. Kb5 f3 58. Kc6 f2 59.
Kd6 f1=Q 60. Ke7 Qf6+ 61. Kd7 Kd5 62. Kc7 Qd6+ 63. Kb7 Qc6+ 64. Ka7 Ne5 65. Kb8
Nd7+ 66. Ka7 Qb6+ 67. Ka8 Qb8# 0-1

[Event "Junior Online 4NCL Division 2"]
[Site "online"]
[Date "2020.04.30"]
[Round "3.87"]
[White "Zeng, Royce"]
[Black "Morrell, Sean"]
[Result "0-1"]
[WhiteElo "1562"]
[BlackElo "1480"]
[PlyCount "118"]
[EventDate "2020.04.30"]
[WhiteTeam "Ojays C"]
[BlackTeam "Watford 1"]

1. e4 e6 2. d4 d5 3. e5 c5 4. c3 Nc6 5. Nf3 Qb6 6. Na3 cxd4 7. cxd4 Bb4+ 8. Bd2
Bxd2+ 9. Qxd2 Nge7 10. Nc2 Qxb2 11. Be2 Nf5 12. O-O Nfxd4 13. Ncxd4 Qxd2 14.
Nxd2 Nxd4 15. Bf3 O-O 16. Rab1 b6 17. Rfd1 Bd7 18. Bg4 Nc6 19. Nb3 Nxe5 20. Be2
Rfc8 21. Nd4 Nc4 22. Bxc4 Rxc4 23. Rd3 Rac8 24. h3 Rc1+ 25. Rxc1 Rxc1+ 26. Kh2
h6 27. g4 Bc8 28. Kg2 Ba6 29. Ra3 Bc4 30. Rxa7 Ra1 31. Nc2 Rxa2 32. Rxa2 Bxa2
33. Kf3 Kf8 34. Nb4 Bc4 35. h4 Ke7 36. Nc6+ Kf6 37. Ke3 b5 38. Kd4 Be2 39. Ke3
Bxg4 40. Kf4 Be2 41. Ke3 Bc4 42. Kf4 g5+ 43. hxg5+ hxg5+ 44. Kg3 e5 45. Kf3 e4+
46. Ke3 Ke6 47. Nd4+ Kd7 48. Kd2 b4 49. Nc2 b3 50. Na3 Kd6 51. Nxc4+ dxc4 52.
Kc3 Ke5 53. Kxc4 b2 54. Kc3 b1=Q 55. f3 Qd3+ 56. Kb2 exf3 57. Kc1 Qe2 58. Kb1
f2 59. Kc1 f1=Q# 0-1

[Event "Junior Online 4NCL Division 2"]
[Site "online"]
[Date "2020.04.30"]
[Round "3.88"]
[White "Demjan, Denisz"]
[Black "Macabenta, Kei"]
[Result "1-0"]
[WhiteElo "1345"]
[BlackElo "1532"]
[PlyCount "69"]
[EventDate "2020.04.30"]
[WhiteTeam "Watford 1"]
[BlackTeam "Ojays C"]

1. e4 e5 2. Nf3 Nc6 3. Be2 d6 4. d4 exd4 5. Nxd4 Nxd4 6. Qxd4 Nf6 7. e5 Ng8 8.
O-O Be7 9. Nc3 Be6 10. exd6 Bxd6 11. Qxg7 Qf6 12. Qxf6 Nxf6 13. Bg5 Nd7 14. Bf3
f6 15. Bh6 O-O-O 16. Nb5 a6 17. Nxd6+ cxd6 18. a4 Ne5 19. Be2 Rhg8 20. g3 Rg6
21. Bf4 Nf7 22. b4 Nh8 23. b5 a5 24. Rad1 d5 25. c3 Rgg8 26. Bf3 Ng6 27. Be3
Nh4 28. Bg2 Ng6 29. Bb6 Rd6 30. Bxa5 Bg4 31. Rxd5 Re6 32. Rc5+ Kb8 33. Bd5 Re5
34. Bc7+ Ka8 35. Bxe5 1-0

[Event "Junior Online 4NCL Division 2"]
[Site "online"]
[Date "2020.05.07"]
[Round "4.11"]
[White "Volovich, Julia"]
[Black "Collins, Adam"]
[Result "1/2-1/2"]
[WhiteElo "1892"]
[BlackElo "1760"]
[PlyCount "109"]
[EventDate "2020.05.07"]
[WhiteTeam "Cambridge Chess & Go A"]
[BlackTeam "A6 and Chill"]

1. d4 c6 2. e4 d5 3. f3 e6 4. Nc3 Nf6 5. e5 Nfd7 6. f4 Be7 7. Nf3 c5 8. Be2 Nc6
9. Be3 b6 10. f5 cxd4 11. Nxd4 Ndxe5 12. Bb5 Bd7 13. fxe6 fxe6 14. Nxe6 Bxe6
15. Qh5+ Kf8 16. O-O+ Bf6 17. Bg5 Qe8 18. Qh4 Ng6 19. Qf2 Nge5 20. Rae1 Qf7 21.
Qg3 h6 22. Bxc6 Nxc6 23. Bxf6 gxf6 24. Qd6+ Kg7 25. Rxe6 Rhd8 26. Qxc6 Rac8 27.
Rexf6 Rxc6 28. Rxf7+ Kg8 29. R7f6 Rc7 30. Rxh6 d4 31. Ne4 Rxc2 32. Rg6+ Kh7 33.
Rgf6 Rg8 34. Rf7+ Kh8 35. R7f2 Rc7 36. Rf8 Rc2 37. Rxg8+ Kxg8 38. Rd1 Rxb2 39.
Rxd4 Rxa2 40. h4 a5 41. h5 b5 42. Nc3 Rb2 43. h6 b4 44. Nd5 Kh7 45. Rh4 Rb1+
46. Kh2 Rf1 47. Ne3 Rf6 48. Ng4 Rb6 49. Rh5 b3 50. Rd5 b2 51. Rd7+ Kh8 52. Rd8+
Kh7 53. Rd7+ Kh8 54. Rd8+ Kh7 55. Rd7+ 1/2-1/2

[Event "Junior Online 4NCL Division 2"]
[Site "online"]
[Date "2020.05.07"]
[Round "4.12"]
[White "O'cuilleanain, Oisin"]
[Black "Linton, Alexander"]
[Result "1-0"]
[WhiteElo "1660"]
[BlackElo "1607"]
[PlyCount "115"]
[EventDate "2020.05.07"]
[WhiteTeam "A6 and Chill"]
[BlackTeam "Cambridge Chess & Go A"]

1. d4 d5 2. c4 c6 3. Nf3 Nf6 4. Qc2 g6 5. Bf4 Bf5 6. Qc1 Bg7 7. Nbd2 Nbd7 8. e3
Rc8 9. Be2 O-O 10. O-O e6 11. Ne5 Nxe5 12. Bxe5 b5 13. Bxf6 Bxf6 14. g4 Be4 15.
f3 Bf5 16. gxf5 gxf5 17. c5 Kh8 18. b4 Rg8+ 19. Kh1 Bg5 20. f4 Bh4 21. Rg1 Qf6
22. Nf3 Rxg1+ 23. Qxg1 Rg8 24. Qf1 Qd8 25. Qh3 Bf6 26. Rg1 Rxg1+ 27. Kxg1 Qg8+
28. Qg3 Qxg3+ 29. hxg3 Kg7 30. Ne5 Bxe5 31. fxe5 Kg6 32. Kg2 a6 33. Kh3 Kg5 34.
g4 h6 35. gxf5 Kxf5 36. Bd3+ Kg5 37. Kg3 f5 38. exf6 Kxf6 39. e4 Kg5 40. exd5
exd5 41. Bc2 h5 42. a4 h4+ 43. Kf2 Kf4 44. axb5 axb5 45. Bg6 h3 46. Be8 h2 47.
Kg2 Ke3 48. Bxc6 Kxd4 49. Bxb5 Kc3 50. Ba6 Kxb4 51. c6 d4 52. c7 d3 53. Bxd3
Kc3 54. c8=Q+ Kxd3 55. Kxh2 Ke4 56. Qc3 Kd5 57. Qb4 Ke6 58. Qb5 1-0